000 00511 a2200229 4500
260 _aParis
100 _aBURTON,Maurice
700 1 _aHEUVELMANS,Bernard.
440 _n84(07)
260 _bMarabout
245 _aLes insectes et les arachnides:Encyclopédie du monde animal.
440 _v3
300 _a238p.
650 _aENCYCLOPEDIE
650 _aINSECTA
260 _c1984
130 _lFr.
440 _aMarabout Universté.
020 _a2-501-00542-2
999 _c24458
_d24458